000 00813nam a2200181Ia 4500
008 090630s9999 xx 000 0 und d
082 _b12181
100 _aडॉ. रानडे सुभाष व डॉ. देशपांडे.
245 _aसंधीवात - सांधेदुखी.
_cडॉ. रानडे सुभाष व डॉ. देशपांडे.
260 _bअनमोल पुणे.
300 _a87
600 _aडॉ. रानडे सुभाष व डॉ. देशपांडे.
630 _aसंधीवात - सांधेदुखी.
655 _aइतर.
700 _aडॉ. रानडे सुभाष व डॉ. देशपांडे.
730 _aसंधीवात - सांधेदुखी.
942 _cBOOK
999 _c264037
_d264037